| 000 | 00935nam a22003015i 4500 | ||
|---|---|---|---|
| 001 | 11304 | ||
| 003 | ES-MaACL | ||
| 005 | 20250611063058.0 | ||
| 007 | t| | ||
| 008 | 950426s1995 sp ||||0| spa j | ||
| 020 | _a84-08-01251-7 | ||
| 040 |
_aM-BN _bspa _cM-BN |
||
| 080 | _a929 Moctezuma (72) II | ||
| 100 | 1 |
_aThomas, Hugh, _d1931-2017 _9110019 |
|
| 245 | 1 | 0 |
_aYo, Moctezuma, emperador de los aztecas / _cHugh Thomas ; traducción, C. Boune. |
| 250 | _a1ª ed. | ||
| 260 |
_aBarcelona : _bPlaneta, _c1995. |
||
| 300 |
_a303 p., [8] p. de lám ; _c21 cm. |
||
| 490 | 1 |
_aMemoria de la historia ; _v100 |
|
| 500 | _aIndice. | ||
| 500 | _aTraducción de: I Montezuma. | ||
| 600 | 1 | 4 |
_aMoctezuma II _cEmperador de México. _981746 |
| 700 | 1 |
_aBoune, C. _930935 |
|
| 830 | 0 |
_aMemoria de la historia ; _v100 _9179012 |
|
| 852 |
_aES-MaACL _jL-18551 _bR.124733 |
||
| 999 |
_c11304 _d11304 |
||